[Event "FIDE Women's Grand Swiss"]
[Site "Samarkand UZB"]
[Date "2025.09.09"]
[Round "6.23"]
[White "Arabidze, Meri"]
[Black "Efroimski, Marsel"]
[Result "1/2-1/2"]
[WhiteTitle "IM"]
[BlackTitle "IM"]
[WhiteElo "2444"]
[BlackElo "2377"]
[WhiteFideId "13604040"]
[BlackFideId "2810964"]
[EventDate "2025.09.04"]

1. d4 Nf6 2. c4 g6 3. g3 c5 4. dxc5 Qa5+ 5. Nc3 Qxc5 6. Nf3 Bg7 7. Qb3 Ng4 8.
Ne4 Qc6 9. Ned2 Qc5 10. e3 b6 11. h3 Nf6 12. Bg2 Bb7 13. O-O Nc6 14. Rd1 Rc8 15.
Qa4 Qa5 16. Qc2 d5 17. a3 dxc4 18. Nxc4 Qa6 19. Qb3 b5 20. Ncd2 Na5 21. Qb4 Nd5
22. Qh4 O-O 23. e4 Nb6 24. e5 Nbc4 25. Ne4 Nb3 26. Bh6 Bxe4 27. Ng5 Bxg2 28.
Bxg7 h5 29. Bxf8 Rxf8 30. Kxg2 Nxa1 31. Rxa1 Qc6+ 32. Qe4 Nxe5 33. Qxc6 Nxc6 34.
Rc1 Rc8 35. Ne4 Kf8 36. g4 hxg4 37. hxg4 a6 38. Kg3 Na7 39. Rxc8+ Nxc8 40. Nc5
a5 41. Kf4 Nb6 42. Ke4 Nc4 43. Nd3 a4 44. Kd4 e5+ 45. Nxe5 Nxb2 46. Kc5 Ke7 47.
Kxb5 Ke6 48. Nc4 Nd3 49. f3 Kd5 50. Nb6+ Kd6 51. Nxa4 Ne1 52. Nc3 Nxf3 53. a4
Nd4+ 54. Kc4 Ne6 55. a5 f5 56. gxf5 gxf5 57. Nb5+ Kc6 58. Nd4+ Nxd4 59. Kxd4 Kb5 1/2-1/2

[Event "FIDE Women's Grand Swiss"]
[Site "Samarkand UZB"]
[Date "2025.09.09"]
[Round "6.24"]
[White "Injac, Teodora"]
[Black "Beydullayeva, Govhar"]
[Result "1-0"]
[WhiteTitle "IM"]
[BlackTitle "WGM"]
[WhiteElo "2454"]
[BlackElo "2368"]
[WhiteFideId "932400"]
[BlackFideId "13413015"]
[EventDate "2025.09.04"]

1. d4 d5 2. Nf3 Nf6 3. e3 e6 4. Bd3 Be7 5. O-O O-O 6. b3 b6 7. Bb2 c5 8. Nbd2
Bb7 9. Qe2 Nc6 10. a3 Nd7 11. c4 Bf6 12. Rad1 Re8 13. Rfe1 Rc8 14. Nf1 Na5 15.
Ne5 Bxe5 16. dxe5 Nxb3 17. Ng3 Na5 18. Nh5 Qg5 19. f4 Qh4 20. Bc3 Red8 21. Rf1
dxc4 22. Bc2 Nf8 23. Rd6 Nb3 24. Rfd1 Qe7 25. Nf6+ gxf6 26. exf6 Qe8 27. Qh5
Rxd6 28. Qh6 Rxd1+ 29. Bxd1 1-0

[Event "FIDE Women's Grand Swiss"]
[Site "Samarkand UZB"]
[Date "2025.09.09"]
[Round "6.25"]
[White "Wafa, Shrook"]
[Black "Mkrtchian, Lilit"]
[Result "1/2-1/2"]
[WhiteTitle "WGM"]
[BlackTitle "IM"]
[WhiteElo "2202"]
[BlackElo "2393"]
[WhiteFideId "10609970"]
[BlackFideId "13300601"]
[EventDate "2025.09.04"]

1. e4 c6 2. d4 d5 3. Nc3 dxe4 4. Nxe4 Nf6 5. Nxf6+ exf6 6. c3 Bd6 7. Bd3 O-O 8.
Ne2 Re8 9. O-O Nd7 10. Bf4 Nf8 11. Qd2 Ng6 12. Bxd6 Qxd6 13. Rfe1 Be6 14. Qc2
Kh8 15. b3 Nh4 16. Ng3 Qd5 17. Re4 Qg5 18. Rae1 f5 19. f4 Qh6 20. R4e2 g6 21.
Qd2 b5 22. d5 cxd5 23. Bxb5 Rec8 24. Qd4+ Qg7 25. Re5 h6 26. Ba6 Rc7 27. c4 dxc4
28. bxc4 Qf6 29. c5 Rd8 30. Qf2 Bd5 31. Bf1 Bc6 32. a3 Kh7 33. Qe3 Rcd7 34. Re7
Rd2 35. Re2 Rxe2 36. Qxe2 Rd5 37. Rxa7 Rxc5 38. Qe3 Rc2 39. Ne2 Be4 40. a4 Kg8
41. a5 Qb2 42. Re7 Nxg2 43. Qf2 Qa1 44. Rxe4 fxe4 45. Qxg2 Qxa5 46. Qxe4 Qc5+
47. Kh1 Rd2 48. h3 Qf2 49. Qg2 Qe3 50. Qg4 Kg7 51. Kg2 Rd3 52. Ng3 Rd2+ 53. Be2
Kh7 54. f5 h5 55. Qf3 Qxf3+ 56. Kxf3 Rd4 57. Ne4 gxf5 58. Ng3 Kg6 59. Bf1 Kg5
60. Nh1 Rd1 61. Kg2 Kf4 62. Bc4 Rd2+ 63. Kg1 f6 64. h4 Kg4 65. Be6 Rd6 66. Bc8
Rc6 67. Bd7 Rc5 68. Kg2 Kxh4 69. Nf2 Ra5 70. Kf3 Rd5 71. Be6 Re5 72. Bd7 Rd5 73.
Be6 Ra5 74. Kf4 Ra4+ 75. Kf3 f4 76. Bd7 Rd4 77. Be6 Ra4 78. Bd7 Rb4 79. Be6 Rd4
80. Bc8 Rb4 81. Bd7 Rb2 82. Be6 Rb4 83. Bd7 1/2-1/2

[Event "FIDE Women's Grand Swiss"]
[Site "Samarkand UZB"]
[Date "2025.09.09"]
[Round "6.26"]
[White "Vantika, Agrawal"]
[Black "Nassr, Lina"]
[Result "1-0"]
[WhiteTitle "IM"]
[BlackTitle "WIM"]
[WhiteElo "2381"]
[BlackElo "2060"]
[WhiteFideId "25050389"]
[BlackFideId "7908075"]
[EventDate "2025.09.04"]

1. d4 Nf6 2. c4 e6 3. Nf3 d5 4. Nc3 Bb4 5. cxd5 Nxd5 6. Bd2 Nxc3 7. bxc3 Be7 8.
e4 c5 9. Bc4 a6 10. a4 Nc6 11. Be3 cxd4 12. cxd4 Qa5+ 13. Ke2 O-O 14. h3 Bd7 15.
Qb3 Qc7 16. Bd3 Na5 17. Qa2 b5 18. axb5 axb5 19. Ne5 Rfb8 20. Rhc1 Qb7 21. Nxd7
Qxd7 22. Qb2 b4 23. Bf4 Rb7 24. e5 Rba7 25. Kf1 g6 26. Be3 Qd5 27. f3 Kg7 28.
Kg1 Qb3 29. Qe2 Nb7 30. Bc4 Qxe3+ 31. Qxe3 Rxa1 32. Rxa1 Rxa1+ 33. Kh2 Na5 34.
Bd3 b3 35. d5 exd5 36. e6 fxe6 37. Qe5+ Bf6 38. Qxe6 d4 39. Qd7+ Kf8 40. f4 b2
41. Qb5 Nc4 42. Qb8+ Ke7 43. Qc7+ Ke8 44. Qxc4 b1=Q 45. Qg8+ Ke7 46. Qxh7+ Kf8
47. Bxb1 Rxb1 48. Qxg6 Rb6 49. g4 Rb2+ 50. Kg3 Rb3+ 51. Kg2 Rb2+ 52. Kf3 Bg7 53.
Qd6+ Kf7 54. g5 Rb3+ 55. Kg4 Re3 56. g6+ Ke8 57. Qb8+ Ke7 58. Qc7+ 1-0

[Event "FIDE Women's Grand Swiss"]
[Site "Samarkand UZB"]
[Date "2025.09.09"]
[Round "6.27"]
[White "Manko, Mariia"]
[Black "Kulon, Klaudia"]
[Result "1/2-1/2"]
[WhiteTitle "WIM"]
[BlackTitle "IM"]
[WhiteElo "2313"]
[BlackElo "2361"]
[WhiteFideId "14199220"]
[BlackFideId "1131044"]
[EventDate "2025.09.04"]

1. d4 Nf6 2. c4 g6 3. g3 Bg7 4. Bg2 O-O 5. Nf3 d6 6. Nc3 Nbd7 7. O-O e5 8. e4
Re8 9. Qc2 exd4 10. Nxd4 Nxe4 11. Nxe4 Bxd4 12. Bg5 f6 13. Rad1 fxg5 14. Rxd4
Qe7 15. Re1 Qg7 16. Rdd1 Ne5 17. Nxg5 Bg4 18. Bd5+ Kf8 19. f4 Bxd1 20. Qxd1 Nc6
21. Ne6+ Rxe6 22. Rxe6 Qxb2 23. f5 Re8 24. Qf1 g5 25. Rxe8+ Kxe8 26. f6 Nd4 27.
Qd1 Kf8 28. Qg4 Qb1+ 29. Kg2 Qc2+ 30. Kh3 Qf5 31. Qxf5 Nxf5 32. Kg4 Ne3+ 33.
Kxg5 Nxd5 34. cxd5 c5 35. dxc6 bxc6 36. g4 c5 37. Kf5 c4 38. Ke4 d5+ 39. Kd4 h6
40. h4 Kf7 41. g5 hxg5 42. hxg5 Ke6 1/2-1/2

[Event "FIDE Women's Grand Swiss"]
[Site "Samarkand UZB"]
[Date "2025.09.11"]
[Round "7.1"]
[White "Stefanova, Antoaneta"]
[Black "Lagno, Kateryna"]
[Result "1/2-1/2"]
[WhiteTitle "GM"]
[BlackTitle "GM"]
[WhiteElo "2395"]
[BlackElo "2505"]
[WhiteFideId "2902257"]
[BlackFideId "14109336"]
[EventDate "2025.09.04"]

1. e4 e5 2. Nf3 Nc6 3. Nc3 Nf6 4. Bb5 Nd4 5. Bc4 Bc5 6. Nxe5 Qe7 7. Nf3 d5 8.
Bxd5 Bg4 9. d3 O-O-O 10. Be3 Nxd5 11. Nxd5 Rxd5 12. exd5 Re8 13. c3 Nxf3+ 14.
gxf3 Qh4 15. Kd2 Rxe3 16. fxe3 Qf2+ 17. Kc1 Bxe3+ 18. Kb1 Bxf3 19. Qf1 Bxh1 20.
Qxh1 Qe2 21. a4 Qxd3+ 22. Ka2 Qc4+ 23. Kb1 Qd3+ 24. Ka2 Qc4+ 25. Kb1 Qd3+ 26.
Ka2 1/2-1/2

[Event "FIDE Women's Grand Swiss"]
[Site "Samarkand UZB"]
[Date "2025.09.11"]
[Round "7.2"]
[White "Vaishali, Rameshbabu"]
[Black "Guo, Qi"]
[Result "1-0"]
[WhiteTitle "GM"]
[BlackTitle "IM"]
[WhiteElo "2452"]
[BlackElo "2371"]
[WhiteFideId "5091756"]
[BlackFideId "8604002"]
[EventDate "2025.09.04"]

1. e4 e5 2. Nf3 Nf6 3. d4 Nxe4 4. dxe5 d5 5. Nbd2 Qd7 6. Bd3 Nc5 7. Be2 Ne6 8.
O-O Be7 9. Re1 O-O 10. Nf1 c5 11. Bd3 Nc6 12. Bf5 Rd8 13. Ng5 Bxg5 14. Bxg5 Ne7
15. Bg4 Qe8 16. Bh4 Nf4 17. Ng3 Nfg6 18. Bf6 Qa4 19. Bxc8 Raxc8 20. Qc1 Rc6 21.
b3 Qa6 22. Bxe7 Nxe7 23. f4 h5 24. f5 h4 25. Nh5 Rcc8 26. f6 Ng6 27. Nxg7 c4 28.
Qh6 Qb6+ 29. Kh1 h3 30. Nf5 1-0

[Event "FIDE Women's Grand Swiss"]
[Site "Samarkand UZB"]
[Date "2025.09.11"]
[Round "7.3"]
[White "Assaubayeva, Bibisara"]
[Black "Bulmaga, Irina"]
[Result "1-0"]
[WhiteTitle "GM"]
[BlackTitle "IM"]
[WhiteElo "2505"]
[BlackElo "2400"]
[WhiteFideId "13708694"]
[BlackFideId "13903063"]
[EventDate "2025.09.04"]

1. c4 Nf6 2. Nf3 e6 3. Nc3 b6 4. g3 Bb7 5. Bg2 c5 6. O-O Be7 7. d4 cxd4 8. Qxd4
d6 9. Rd1 O-O 10. b3 Nbd7 11. Bb2 a6 12. Rac1 Rc8 13. Ne1 Qc7 14. Ne4 Rcd8 15.
Qe3 Nxe4 16. Bxe4 Bxe4 17. Qxe4 Bf6 18. Bxf6 Nxf6 19. Qf3 Rc8 20. Nd3 Rfd8 21.
a4 a5 22. Rd2 h6 23. h4 Qb8 24. e4 d5 25. exd5 exd5 26. Nb2 dxc4 27. Rxd8+ Rxd8
28. Nxc4 Qc7 29. Qe3 Nd5 30. Qd4 Ne7 31. Qxb6 Qxb6 32. Nxb6 Rb8 33. Nc4 Rxb3 34.
Nxa5 Ra3 35. Rc4 Nd5 36. Nc6 Nb6 37. Rb4 Nxa4 38. Rb8+ Kh7 39. Ra8 Rc3 40. Nd8
Nb6 41. Ra6 Nc4 42. Nxf7 Rd3 43. Ra8 Rd7 44. Rf8 g6 45. Nd8 Ne5 46. Ne6 Rf7 47.
Rd8 Nf3+ 48. Kg2 Ne1+ 49. Kf1 Nf3 50. Rd3 Ne5 51. Re3 Ng4 52. Re2 Kg8 53. Ra2
Kh7 54. Kg2 Re7 55. Nd4 Kg7 56. h5 Rd7 57. Ne6+ Kf7 58. Nc5 Rc7 59. hxg6+ Kxg6
60. Ne6 Rf7 61. Nf4+ Kh7 62. Ra5 Nf6 63. Rf5 Kg7 64. f3 Ra7 65. g4 Ra2+ 66. Kg3
Ra3 67. Re5 Ra7 68. Re6 Rb7 69. Ra6 Rb3 70. Ne6+ Kf7 71. Nd4 Rd3 72. Nf5 Ne4+
73. Kf4 Nd2 74. Nxh6+ Ke8 75. Re6+ Kf8 76. Re3 Rd6 77. Nf5 Rc6 78. Rd3 Rc2 79.
g5 Rc4+ 80. Ke3 Nf1+ 81. Kf2 Nh2 82. Rd8+ Kf7 83. Nd6+ Ke7 84. Nxc4 Kxd8 85. Kg2 1-0

[Event "FIDE Women's Grand Swiss"]
[Site "Samarkand UZB"]
[Date "2025.09.11"]
[Round "7.4"]
[White "Muzychuk, Mariya"]
[Black "Khamdamova, Afruza"]
[Result "1-0"]
[WhiteTitle "GM"]
[BlackTitle "WIM"]
[WhiteElo "2484"]
[BlackElo "2409"]
[WhiteFideId "14114550"]
[BlackFideId "14210444"]
[EventDate "2025.09.04"]

1. d4 d5 2. c4 e6 3. Nc3 Be7 4. cxd5 exd5 5. Bf4 c6 6. e3 Bf5 7. g4 Be6 8. h4
Nd7 9. h5 Nh6 10. Be2 Nb6 11. Nh3 g5 12. hxg6 hxg6 13. a4 g5 14. Bg3 Nc4 15.
Bxc4 dxc4 16. f3 Qa5 17. Qc2 O-O-O 18. O-O-O f5 19. Be5 Rhg8 20. Nf4 gxf4 21.
Rxh6 Bd7 22. exf4 fxg4 23. d5 g3 24. Qe4 c5 25. d6 Bf8 26. Rg6 Rxg6 27. Qxg6 Qa6
28. Rd5 b6 29. Bf6 Re8 30. Re5 Rxe5 31. fxe5 Qb7 32. e6 g2 33. exd7+ Qxd7 34.
Qxg2 Qxd6 35. Qg4+ Kb8 36. Qf5 Bh6+ 37. Bg5 Bxg5+ 38. Qxg5 Qd3 39. Qe5+ Kc8 40.
Qe8+ 1-0

[Event "FIDE Women's Grand Swiss"]
[Site "Samarkand UZB"]
[Date "2025.09.11"]
[Round "7.5"]
[White "Tsolakidou, Stavroula"]
[Black "Girya, Olga"]
[Result "1/2-1/2"]
[WhiteTitle "IM"]
[BlackTitle "GM"]
[WhiteElo "2445"]
[BlackElo "2386"]
[WhiteFideId "4264312"]
[BlackFideId "4195752"]
[EventDate "2025.09.04"]

1. e4 e5 2. Nf3 Nc6 3. Bc4 Bc5 4. d3 Nf6 5. Bg5 h6 6. Bh4 d6 7. c3 a6 8. Nbd2
Ba7 9. a4 Qe7 10. O-O Be6 11. b4 O-O 12. Bd5 Nd8 13. d4 g5 14. dxe5 Nxd5 15.
exd5 Bxd5 16. Bg3 f5 17. exf6 Qxf6 18. c4 Bc6 19. b5 axb5 20. axb5 Bxf3 21. Nxf3
Ne6 22. Re1 g4 23. Qd5 Bxf2+ 24. Kxf2 Rae8 25. Ra3 gxf3 26. Rxf3 Qd4+ 27. Qxd4
Nxd4 28. Rxe8 Rxe8 29. Rd3 Ne6 30. b6 Nc5 31. Rd4 cxb6 32. Kf3 Kg7 33. Rxd6 Ne4
34. Rd7+ Kg6 35. Bf4 Re6 36. h4 Nf6 37. Rxb7 h5 38. Be3 Ng4 39. Bd4 Rc6 40. Rg7+
Kh6 41. Rg5 Rxc4 42. Bg7+ Kh7 43. Rxh5+ Kxg7 44. Rg5+ Kh6 45. Rxg4 Rc3+ 46. Kf2
Rc2+ 47. Kg3 Rc3+ 48. Kh2 b5 49. g3 Rc8 50. Kh3 Rb8 51. Rb4 Kh5 52. g4+ Kh6 53.
Kg3 Kg6 54. Kf4 Rf8+ 55. Ke5 Rh8 56. g5 Rb8 57. Kf4 Kh5 58. Kf5 Rf8+ 59. Ke5
Re8+ 60. Kf6 Rf8+ 61. Ke7 Rb8 62. Kd6 Rc8 63. Kd5 Rc1 64. Ke5 Rc5+ 65. Ke6 Rc6+
66. Ke7 Rc7+ 67. Kd6 Rc4 68. Rxb5 Rxh4 69. Ke6 1/2-1/2

[Event "FIDE Women's Grand Swiss"]
[Site "Samarkand UZB"]
[Date "2025.09.11"]
[Round "7.6"]
[White "Song, Yuxin"]
[Black "Fataliyeva, Ulviyya"]
[Result "1-0"]
[WhiteTitle "IM"]
[BlackTitle "IM"]
[WhiteElo "2409"]
[BlackElo "2385"]
[WhiteFideId "8614300"]
[BlackFideId "13403052"]
[EventDate "2025.09.04"]

1. e4 c5 2. Nf3 e6 3. c3 Nf6 4. Bd3 d5 5. e5 Nfd7 6. Bc2 c4 7. O-O Nc6 8. Re1
Qc7 9. Qe2 g5 10. b3 g4 11. Nd4 Ncxe5 12. Qe3 a6 13. Qg5 h6 14. Qh5 Ke7 15. Qh4+
Ke8 16. Qh5 Ke7 17. Ba3+ Kf6 18. Bxf8 Nxf8 19. f4 Neg6 20. f5 exf5 21. Bxf5 g3
22. Re8 Ne6 23. Rxh8 gxh2+ 24. Kh1 Nxh8 25. Qxh6+ Ng6 26. Bxg6 fxg6 27. Na3 Nxd4
28. Qh4+ Kg7 29. Qxd4+ Kg8 30. Qxd5+ Kh7 31. Nxc4 Bf5 32. Qd6 Qf7 33. Re1 Re8
34. Rxe8 Qxe8 35. Qe5 Qc6 36. Qxh2+ Kg8 37. Qb8+ Kg7 38. Qd6 Qc8 39. Qe7+ Kh6
40. Nd6 1-0

[Event "FIDE Women's Grand Swiss"]
[Site "Samarkand UZB"]
[Date "2025.09.11"]
[Round "7.7"]
[White "Wagner, Dinara"]
[Black "Tan, Zhongyi"]
[Result "0-1"]
[WhiteTitle "IM"]
[BlackTitle "GM"]
[WhiteElo "2400"]
[BlackElo "2531"]
[WhiteFideId "24157570"]
[BlackFideId "8603642"]
[EventDate "2025.09.04"]

1. d4 d5 2. c4 e6 3. Nf3 c6 4. g3 dxc4 5. Bg2 b5 6. Ne5 Bb7 7. O-O Nf6 8. b3
cxb3 9. axb3 Nbd7 10. Nxc6 Qb6 11. d5 Nxd5 12. Na5 Be7 13. e4 N5f6 14. Nxb7 Qxb7
15. e5 Nd5 16. Nc3 N7b6 17. Qg4 g6 18. Bh6 a6 19. Rfd1 Rd8 20. Rac1 Bf8 21. Bg5
Be7 22. Bh6 Bf8 23. Bg5 Be7 24. Ne4 Bxg5 25. Qxg5 h6 26. Qg4 Qe7 27. h4 h5 28.
Qe2 O-O 29. Nd6 Nc8 30. Bxd5 exd5 31. Nxc8 Rxc8 32. Rxc8 Rxc8 33. Rxd5 Rc3 34.
b4 Rc4 35. Rd6 Rc1+ 36. Kh2 Qb7 37. f3 Qa7 38. Rd8+ Kg7 39. Qg2 Qc7 40. Rd5 Rc2
41. Rd2 Rxd2 42. Qxd2 Qxe5 43. Kh3 Kf6 44. Qd8+ Ke6 45. Qd2 Qf5+ 46. Kg2 Qd5 47.
Qe3+ Kd6 48. Qb6+ Qc6 49. Qd4+ Ke6 50. Qe3+ Kd7 51. Qa7+ Ke8 52. Qb8+ Ke7 53.
Qa7+ Qd7 54. Qe3+ Kf8 55. Qc3 Qe6 56. Kf2 Qb6+ 57. Kg2 Qd6 58. Kf2 Ke7 59. Qe3+
Kd8 60. Qc3 Kd7 61. Kg2 Qd5 62. Kf2 Qa2+ 63. Ke3 Qe6+ 64. Kf2 Qd5 65. Kg2 Qc4
66. Qb2 Kc8 67. Qd2 Kc7 68. Qb2 Kb7 69. Qd2 Kc8 70. Qb2 a5 71. bxa5 b4 72. Qh8+
Kb7 73. Qd8 Qc2+ 74. Kf1 Qc6 75. Qe7+ Ka6 76. Qxb4 Qxf3+ 77. Ke1 Qxg3+ 78. Kf1
Qc7 79. Kg1 Qa7+ 80. Kh2 Qb7 81. Qc5 Qb2+ 82. Kh3 Qb3+ 83. Kh2 Qe6 84. Qc7 f5
85. Qd8 Qa2+ 86. Kg3 Qa3+ 87. Kf4 Qc1+ 88. Kf3 Qc6+ 89. Kf4 Qc1+ 90. Kf3 Qf1+
91. Ke3 Qg1+ 92. Kf3 Qg4+ 93. Kf2 Qf4+ 94. Kg2 Qe4+ 95. Kf2 Qc6 96. Kg3 Kb5 97.
Kf4 Qc1+ 98. Kf3 Qf1+ 99. Ke3 Qg1+ 100. Kf3 Qg4+ 101. Kf2 Qf4+ 102. Kg2 Qe3 103.
Qd5+ Qc5 104. Qd8 Qe3 105. Qd5+ Kb4 106. Qd8 Qe2+ 107. Kg1 Qe1+ 108. Kg2 Ka4
109. Qb6 Qxa5 110. Qxg6 Qd2+ 111. Kf3 Qd3+ 112. Kf2 Qd4+ 113. Kf1 Qf4+ 114. Ke1
Qxh4+ 115. Kd2 Qd4+ 116. Ke1 Qe4+ 117. Kf2 h4 118. Qa6+ Kb4 119. Qb6+ Kc4 120.
Qa6+ Kc5 121. Qa5+ Kc6 122. Qc3+ Kd5 123. Qa5+ Ke6 124. Qb6+ Kf7 125. Qb3+ Kf6
126. Qb2+ Kg6 127. Qh8 Qc2+ 128. Kf3 Qd3+ 129. Kg2 Qe2+ 130. Kh3 Qe3+ 131. Kg2
Qe4+ 132. Kh2 Kg5 133. Qd8+ Kh5 134. Qh8+ Kg4 135. Qg7+ Kf4 136. Qc7+ Qe5 137.
Qb7 Qe2+ 138. Kg1 Qe1+ 139. Kh2 Qg3+ 0-1

[Event "FIDE Women's Grand Swiss"]
[Site "Samarkand UZB"]
[Date "2025.09.11"]
[Round "7.8"]
[White "Yip, Carissa"]
[Black "Garifullina, Leya"]
[Result "1-0"]
[WhiteTitle "IM"]
[BlackTitle "IM"]
[WhiteElo "2458"]
[BlackElo "2477"]
[WhiteFideId "2090732"]
[BlackFideId "34127035"]
[EventDate "2025.09.04"]

1. e4 e5 2. Nf3 Nc6 3. Bc4 Bc5 4. c3 Nf6 5. d3 d6 6. Bg5 h6 7. Bh4 a6 8. a4 Ba7
9. O-O Qe7 10. Nbd2 g5 11. Bg3 Nh7 12. d4 h5 13. h4 g4 14. Ne1 exd4 15. cxd4
Bxd4 16. Nd3 Nf8 17. Nf4 Be6 18. Rc1 Ng6 19. Bxe6 Nxf4 20. Bd5 Nxd5 21. exd5 Ne5
22. Ne4 Bb6 23. a5 Ba7 24. Qa4+ Kf8 25. Qb4 Rb8 26. Qc3 Re8 27. Qxc7 Bb8 28. Qc3
Rg8 29. Bxe5 dxe5 30. d6 Bxd6 31. Rfd1 Rg6 32. Rd5 Bb8 33. g3 Ba7 34. Qc7 Qb4
35. Ng5 Re7 36. Rd8+ Kg7 37. Qc8 e4 38. Rg8+ Kf6 39. Rxg6+ Kxg6 40. Rd1 Qc5 41.
Qg8+ Kf5 42. Qh7+ Ke5 43. Nxf7+ Kf6 44. Rd6+ Qxd6 45. Qh6+ Kxf7 46. Qxd6 e3 47.
fxe3 Rxe3 48. Kf1 Rf3+ 49. Ke2 Rf6 50. Qd5+ Re6+ 51. Kd3 1-0

[Event "FIDE Women's Grand Swiss"]
[Site "Samarkand UZB"]
[Date "2025.09.11"]
[Round "7.9"]
[White "Kosteniuk, Alexandra"]
[Black "Dronavalli, Harika"]
[Result "1/2-1/2"]
[WhiteTitle "GM"]
[BlackTitle "GM"]
[WhiteElo "2472"]
[BlackElo "2467"]
[WhiteFideId "4128125"]
[BlackFideId "5015197"]
[EventDate "2025.09.04"]

1. e4 e6 2. d4 d5 3. Nc3 Bb4 4. e5 c5 5. a3 Bxc3+ 6. bxc3 Qc7 7. a4 Ne7 8. Bd3
h6 9. h4 cxd4 10. cxd4 Qc3+ 11. Bd2 Qxd4 12. Nf3 Qc5 13. h5 Nd7 14. O-O Qc7 15.
Re1 Nc5 16. Nd4 O-O 17. Qg4 Nf5 18. Bxf5 exf5 19. Nxf5 Bxf5 20. Qxf5 Ne4 21.
Rad1 Qc8 22. Qxc8 Rfxc8 23. f3 Nxd2 24. Rxd2 Rc5 25. Rb1 b6 26. Rb5 Rac8 27.
Rxd5 Rxc2 28. a5 Rc1+ 29. Kh2 R1c5 30. axb6 axb6 31. f4 1/2-1/2

[Event "FIDE Women's Grand Swiss"]
[Site "Samarkand UZB"]
[Date "2025.09.11"]
[Round "7.10"]
[White "Krush, Irina"]
[Black "Gaal, Zsoka"]
[Result "1/2-1/2"]
[WhiteTitle "GM"]
[BlackTitle "WGM"]
[WhiteElo "2366"]
[BlackElo "2388"]
[WhiteFideId "2012782"]
[BlackFideId "777765"]
[EventDate "2025.09.04"]

1. Nf3 Nf6 2. c4 e6 3. g3 b6 4. Bg2 Bb7 5. O-O Be7 6. Nc3 O-O 7. Re1 d5 8. cxd5
exd5 9. d4 Nbd7 10. Bf4 c5 11. dxc5 Nxc5 12. Rc1 Nce4 13. Be5 Qd7 14. Bxf6 Nxf6
15. e3 Rac8 16. Qd3 Rfd8 17. Nd4 g6 18. Red1 h5 19. Nde2 Rc7 20. Nf4 Kg7 21. Rb1
h4 22. Ncxd5 Nxd5 23. Bxd5 hxg3 24. hxg3 Qg4 25. e4 Bf6 26. Kg2 Rcd7 27. Rh1 Be5
28. Rh4 Qg5 29. Qf3 Bxf4 30. Rxf4 Bxd5 31. exd5 Qxd5 32. Qxd5 1/2-1/2

[Event "FIDE Women's Grand Swiss"]
[Site "Samarkand UZB"]
[Date "2025.09.11"]
[Round "7.11"]
[White "Muzychuk, Anna"]
[Black "Maltsevskaya, Aleksandra"]
[Result "1-0"]
[WhiteTitle "GM"]
[BlackTitle "IM"]
[WhiteElo "2535"]
[BlackElo "2379"]
[WhiteFideId "14111330"]
[BlackFideId "24174041"]
[EventDate "2025.09.04"]

1. e4 e6 2. d4 d5 3. e5 c5 4. c3 Nc6 5. Nf3 Qb6 6. a3 Bd7 7. b4 cxd4 8. cxd4 Rc8
9. Bb2 Na5 10. Nbd2 Nc4 11. Bxc4 dxc4 12. Rc1 Qa6 13. O-O Ne7 14. Ng5 h6 15.
Nge4 Nd5 16. Nc5 Bxc5 17. dxc5 Bb5 18. Re1 O-O 19. Ne4 b6 20. Qg4 Rfd8 21. h3 c3
22. Bxc3 bxc5 23. Bd2 Kh7 24. bxc5 Qxa3 25. Ra1 Qd3 26. Rxa7 Rd7 27. Rea1 Ne7
28. Bxh6 Kxh6 29. Qh4+ Kg6 30. R7a3 Nf5 31. Qg4+ Kh7 32. Rxd3 Bxd3 33. Nd6 Nxd6
34. exd6 1-0

[Event "FIDE Women's Grand Swiss"]
[Site "Samarkand UZB"]
[Date "2025.09.11"]
[Round "7.12"]
[White "Shuvalova, Polina"]
[Black "Salimova, Nurgyul"]
[Result "1/2-1/2"]
[WhiteTitle "IM"]
[BlackTitle "IM"]
[WhiteElo "2492"]
[BlackElo "2386"]
[WhiteFideId "24171760"]
[BlackFideId "2915138"]
[EventDate "2025.09.04"]

1. e4 e5 2. Bc4 Nf6 3. d3 Nc6 4. a4 Be7 5. Nf3 O-O 6. Nc3 d6 7. O-O Na5 8. Ba2
c5 9. Re1 Nc6 10. Nd5 Nxd5 11. Bxd5 Be6 12. Bxe6 fxe6 13. c3 Rc8 14. h3 b6 15.
Rb1 Bf6 16. b4 cxb4 17. cxb4 Nd4 18. Nxd4 exd4 19. Qb3 Qd7 20. Bd2 Bh4 21. Rf1
Rf7 22. f4 d5 23. e5 Rcf8 24. Rf3 Be7 25. Rbf1 g6 26. Kh2 Rc8 27. Ra1 Qc7 28.
Rc1 Qd7 29. Rff1 Bf8 30. Rc2 Qd8 31. Rxc8 Qxc8 32. Qb2 Rc7 33. Qxd4 Rc2 34. Rf2
Qd7 35. Be3 Rxf2 36. Bxf2 Qxa4 37. Be1 Qc2 38. Qa1 Qxd3 39. Qxa7 Qd4 40. Bg3
Qxb4 41. Qd7 Qe7 42. Qc6 1/2-1/2

[Event "FIDE Women's Grand Swiss"]
[Site "Samarkand UZB"]
[Date "2025.09.11"]
[Round "7.13"]
[White "Lu, Miaoyi"]
[Black "Badelka, Olga"]
[Result "1-0"]
[WhiteTitle "IM"]
[BlackTitle "IM"]
[WhiteElo "2449"]
[BlackElo "2375"]
[WhiteFideId "8618020"]
[BlackFideId "13509926"]
[EventDate "2025.09.04"]

1. e4 e6 2. d4 d5 3. Nc3 Nf6 4. e5 Nfd7 5. Nce2 c5 6. c3 Nc6 7. Nf3 Qb6 8. a3
cxd4 9. cxd4 f6 10. exf6 Nxf6 11. g3 e5 12. Nxe5 Nxe5 13. dxe5 Bc5 14. Be3 Bxe3
15. fxe3 Ng4 16. Qd4 Nxe3 17. Qxb6 axb6 18. Nd4 O-O 19. Bb5 Nf5 20. Ne2 Ne7 21.
Nd4 Nf5 22. O-O-O Nxd4 23. Rxd4 Be6 24. Rf1 g5 25. h4 h6 26. Rb4 Rxf1+ 27. Bxf1
Rf8 28. Be2 Rc8+ 29. Kd2 Rc6 30. Bb5 Rc5 31. Be2 Rc6 32. Bb5 Rc5 33. Be8 Rc8 34.
Ba4 gxh4 35. gxh4 Kf7 36. Rxb6 Rc7 37. Bb3 Ke7 38. Ke3 Rc1 39. Rxb7+ Kd8 40. Rb5
Re1+ 41. Kd4 Re4+ 42. Kc5 Kc7 43. Bxd5 Rxe5 44. Kd4 Rh5 45. Rc5+ 1-0

[Event "FIDE Women's Grand Swiss"]
[Site "Samarkand UZB"]
[Date "2025.09.11"]
[Round "7.14"]
[White "Javakhishvili, Lela"]
[Black "Balajayeva, Khanim"]
[Result "0-1"]
[WhiteTitle "IM"]
[BlackTitle "IM"]
[WhiteElo "2434"]
[BlackElo "2331"]
[WhiteFideId "13601458"]
[BlackFideId "13406396"]
[EventDate "2025.09.04"]

1. c4 e6 2. Nc3 d5 3. d4 Be7 4. cxd5 exd5 5. Bf4 c6 6. e3 Bf5 7. g4 Be6 8. Bd3
Nd7 9. h3 g5 10. Bh2 h5 11. f3 hxg4 12. fxg4 Ngf6 13. Qf3 Qa5 14. Ne2 O-O-O 15.
O-O-O Rh6 16. Ng3 Rxh3 17. Nf5 Qxc3+ 18. Kb1 Bxf5 19. Qxf5 Qb4 20. Bd6 Qxd6 21.
Rxh3 Rg8 22. Rdh1 Kc7 23. Qf3 Bd8 24. Rh6 Re8 25. Bf5 Qe7 26. Qg3+ Kb6 27. Rf1
Ne4 28. Qg2 Ndf6 29. a3 Nd6 30. Rh3 Nxf5 31. Rxf5 Ne4 32. Rh7 Nd6 33. Re5 Qd7
34. Qc2 Ne4 35. Qb3+ Kc7 36. Qb4 Kc8 37. Ka2 a5 38. Qe1 Nd6 39. Qf2 Rf8 40. Qf3
Nc4 41. Rf5 Nd6 42. Re5 a4 43. Ka1 Qc7 44. Qf2 Qb6 45. Rh6 Qc7 46. Rh7 Kb8 47.
Qf3 Qb6 48. Qf2 Qb3 49. Qh2 Ka7 50. Rh6 Nc4 51. Rf5 Nxe3 52. Rh8 Rxh8 53. Qxh8
Qd1+ 0-1